| 000 | 004620000a22001690004500 | ||
|---|---|---|---|
| 020 | _a8170 36 0234 | ||
| 060 | _a100 | ||
| 082 | _a338.9 DIL | ||
| 100 | _aDilip Basu, K. | ||
| 100 | _aRichard, Sisson | ||
| 245 | _aSocial and economic development in India : a reassessment | ||
| 260 | _aNewdelhi, Sage Publications | ||
| 260 | _c1986 | ||
| 300 | _a240 | ||
| 650 | _aIndia - economic policy/ India - social policy/ development - dimensions | ||
| 942 | _cBK | ||
| 999 |
_c361914 _d361914 |
||